000 00408nam a2200145Ia 4500
008 231129s2002||||xx |||||||||||||| ||spa||
020 _a968-13-2791-8
040 _bspa
082 _a370.114 C287e
100 _aCarmena Laredo Miguel
245 0 _aEtica para Pancho: al rescate de los valores de los jovenes
260 _c2002
264 _aDiana
942 _2ddc
_cBKS
999 _c13702
_d13702